<?xml version="1.0" encoding="UTF-8"?><?xml-stylesheet type="text/xsl" href="static/style.xsl"?><OAI-PMH xmlns="http://www.openarchives.org/OAI/2.0/" xmlns:xsi="http://www.w3.org/2001/XMLSchema-instance" xsi:schemaLocation="http://www.openarchives.org/OAI/2.0/ http://www.openarchives.org/OAI/2.0/OAI-PMH.xsd"><responseDate>2026-06-04T01:52:42Z</responseDate><request verb="GetRecord" identifier="oai:riubu.ubu.es:10259/11777" metadataPrefix="marc">https://riubu.ubu.es/oai/request</request><GetRecord><record><header><identifier>oai:riubu.ubu.es:10259/11777</identifier><datestamp>2026-06-02T06:19:56Z</datestamp><setSpec>com_10259_4839</setSpec><setSpec>com_10259_5086</setSpec><setSpec>com_10259_2604</setSpec><setSpec>col_10259_4840</setSpec></header><metadata><record xmlns="http://www.loc.gov/MARC21/slim" xmlns:doc="http://www.lyncode.com/xoai" xmlns:xsi="http://www.w3.org/2001/XMLSchema-instance" xmlns:dcterms="http://purl.org/dc/terms/" xsi:schemaLocation="http://www.loc.gov/MARC21/slim http://www.loc.gov/standards/marcxml/schema/MARC21slim.xsd">
<leader>00925njm 22002777a 4500</leader>
<datafield tag="042" ind1=" " ind2=" ">
<subfield code="a">dc</subfield>
</datafield>
<datafield tag="720" ind1=" " ind2=" ">
<subfield code="a">Delgado Benito, Vanesa</subfield>
<subfield code="e">author</subfield>
</datafield>
<datafield tag="720" ind1=" " ind2=" ">
<subfield code="a">Rodríguez Cano, Sonia</subfield>
<subfield code="e">author</subfield>
</datafield>
<datafield tag="720" ind1=" " ind2=" ">
<subfield code="a">García Delgado, Miguel Ángel</subfield>
<subfield code="e">author</subfield>
</datafield>
<datafield tag="720" ind1=" " ind2=" ">
<subfield code="a">Puente Torre, Paula</subfield>
<subfield code="e">author</subfield>
</datafield>
<datafield tag="720" ind1=" " ind2=" ">
<subfield code="a">Ausín Villaverde, Vanesa</subfield>
<subfield code="e">author</subfield>
</datafield>
<datafield tag="720" ind1=" " ind2=" ">
<subfield code="a">Abella García, Víctor</subfield>
<subfield code="e">author</subfield>
</datafield>
<datafield tag="260" ind1=" " ind2=" ">
<subfield code="c">2025-04</subfield>
</datafield>
<datafield tag="520" ind1=" " ind2=" ">
<subfield code="a">This contribution is part of the Service Learning (SL) project “Abre tus ojos” (Open&#xd;
your eyes), whose main objective is to contribute to the coeducation and gender violence&#xd;
awareness of future education professionals. In line with the dimensions of sustainable&#xd;
human development, the actions developed in this SL project are directly related to helping&#xd;
people and groups in need. Students from different courses at the Faculty of Education of&#xd;
the University of Burgos have been involved in the training activities of an Association for&#xd;
Assistance to Victims of Sexual Assault and Domestic Violence (ADAVAS Burgos) through&#xd;
the design of technological educational resources that contribute to raising awareness&#xd;
of gender violence. As a result of the project, a web repository has been created with&#xd;
technological educational resources created by the students (videos, infographics, stories,&#xd;
games). This repository is open access and is presented as a resource contributing to the&#xd;
goal of Sustainable Development Goal (SDP) in relation to gender equality</subfield>
</datafield>
<datafield tag="024" ind2=" " ind1="8">
<subfield code="a">https://hdl.handle.net/10259/11777</subfield>
</datafield>
<datafield tag="024" ind2=" " ind1="8">
<subfield code="a">10.3390/soc15040091</subfield>
</datafield>
<datafield tag="024" ind2=" " ind1="8">
<subfield code="a">2075-4698</subfield>
</datafield>
<datafield ind1=" " ind2=" " tag="653">
<subfield code="a">Gender violence</subfield>
</datafield>
<datafield ind1=" " ind2=" " tag="653">
<subfield code="a">Sustainable Development Goals (SDP)</subfield>
</datafield>
<datafield ind1=" " ind2=" " tag="653">
<subfield code="a">Service Learning (SL)</subfield>
</datafield>
<datafield ind1=" " ind2=" " tag="653">
<subfield code="a">Educational technology resources</subfield>
</datafield>
<datafield tag="245" ind1="0" ind2="0">
<subfield code="a">Creation of Educational Technology Resources to Raise Awareness of Gender Violence Through a Service Learning Project</subfield>
</datafield>
</record></metadata></record></GetRecord></OAI-PMH>